000 00603nam a2200277Ia 4500
005 20260127113121.0
008 008 260114s9999 xx 000 0 eng d
020 _a813160344X
037 _aTextbook
040 _aPSDL
040 _beng
040 _cPSDL
041 _2eng
041 _aeng
084 _qPSDL
100 _aSingh, Sunil Kumar
_91109963
245 0 _aJati Vayavastha
245 0 _cSingh, Sunil Kumar
260 _aJaipur
260 _bRawat Publications
260 _c2010
300 _a250p.
942 _cTB
999 _c1675956
_d1675956